|
|
|
|
| LEADER |
00000nab a2200000 a 4500 |
| 001 |
vtls000698789 |
| 003 |
SK-MaSNL |
| 005 |
20260304102619.0 |
| 008 |
250425c1999 xo 0 slo |
| 015 |
|
|
|a SNBRB1999/09-19121
|
| 035 |
|
|
|a CLN000050956
|
| 035 |
|
|
|a urn:nbn:sk:snk-ab1p6p
|
| 035 |
|
|
|a (urnnbn)urn:nbn:sk:snk:ar-004u6t
|
| 035 |
|
|
|a (uuid)50b82069-4d7f-471f-88e7-4cd0b8863f8a
|
| 040 |
|
|
|a SNKBUCL
|b slo
|c SNKBUCL
|e AACR2
|
| 041 |
0 |
|
|a slo
|
| 044 |
|
|
|a xo
|c SK
|
| 080 |
|
|
|a 616.1
|2 1997
|
| 100 |
1 |
|
|a Loučka, Bohumír
|4 aut
|9 10358
|
| 245 |
1 |
0 |
|a Vplyv antioxidačných látok na vznik kardiovaskulárneho ochorenia
|c B. Loučka
|
| 504 |
|
|
|a Bibliogr. odkazy
|
| 650 |
0 |
7 |
|a kardiovaskulárne choroby
|2 snkbucl
|9 2500
|
| 650 |
0 |
7 |
|a antioxidanty
|2 snkbucl
|9 13472
|
| 655 |
|
7 |
|a články z novín a časopisov
|2 snkbucl
|9 267496
|
| 773 |
0 |
|
|t Farmaceutický obzor
|g Roč. 68, č. 5 (1999), s. 130
|x 0014-8172
|
| 850 |
|
|
|a Slovenská národná knižnica
|
| 852 |
|
|
|a Slovenská národná knižnica
|
| 954 |
|
|
|a odborná, vedecká literatúra pôvodná (slovenská)
|2 lita
|
| 958 |
|
|
|a article27
|
| 958 |
|
|
|a OND
|
| 958 |
|
|
|a NB
|
| 958 |
|
|
|a EUIPO
|
| 992 |
|
|
|a RBX
|
| 999 |
|
|
|c 2845718
|d 2847648
|